Riconosci la Squadra di calcio - Quiz n°49 - Statistics

Statistiche generali
  • Questo quiz è stato fatto 8 volte
  • Il punteggio medio è 5 su 9
Statistiche sulle risposte
Indizio Risposta % Corretto
Colori sociali Bianco, nero
100%
Titoli nazionali 1 Campionato austriaco
1 Campionato austriaco amatoriale
5 Campionati di Staatsliga B/Erste Liga
3 Campionati di Regionalliga
86%
Divisione nazionale 2023-2024 Prima
57%
Trofei internazionali 0
43%
Trofei nazionali 1 ÖFB-Cup
43%
Confederazione UEFA
43%
Fondazione 1908
29%
Capienza Stadio 19 080 posti
29%
Squadra LASK
29%
Nessun quiz corrispondente trovato
Distribuzione punteggi
Percentuale di utenti per punteggio
Percentile per numero di risposta
I tuoi punteggi nel tempo
Non hai fatto questo quiz